Statistics for Countries, US States, Capitals, Elements, 100 Most Common Words: with common 4-letter block

Click here to take the quiz!

General Stats

  • This quiz has been taken 145 times
  • The average score is 60 of 95

Answer Stats

Answer% Correct
GU{I}N
94%
IN{D}I
94%
GE{O}R
92%
Guinea
92%
Guinea
92%
Guinea
92%
Georgia
90%
Georgia
90%
Georgia
90%
Georgia
90%
Guinea-Bissau
90%
Guinea-Bissau
90%
Guinea-Bissau
90%
IC{A}N
90%
ST{O}N
90%
AN{T}A
88%
India
88%
MB{I}A
88%
AN{D}A
86%
TH{E}R
86%
BI{U}M
84%
TI{U}M
84%
Zambia
84%
ER{B}I
82%
Indiana
82%
RI{C}A
82%
Erbium
80%
Erbium
80%
Indianapolis
80%
MA{R}I
80%
Papua New Guinea
80%
Papua New Guinea
80%
Papua New Guinea
80%
EO{R}G
78%
Georgetown
78%
Georgetown
78%
EN{I}U
76%
Equatorial Guinea
76%
Equatorial Guinea
76%
Equatorial Guinea
76%
Gambia
76%
Rwanda
76%
UI{N}E
76%
Colombia
74%
Columbia
74%
Costa Rica
74%
ON{I}U
74%
IN{E}A
70%
Terbium
70%
Terbium
70%
There
68%
Ytterbium
68%
Ytterbium
68%
Antananarivo
66%
Boston
66%
Other
66%
Uganda
66%
Kingston
64%
Indium
62%
Polonium
58%
Saint George's
58%
Saint George's
58%
South Africa
58%
Central African Republic
54%
Central African Republic
54%
Serbia
54%
Plutonium
52%
Bandar Seri Begawan
50%
Selenium
50%
Charleston
46%
Strontium
46%
Dominican Republic
42%
Ruthenium
42%
Santa Fe
42%
San Marino
40%
San Marino
40%
Estonia
38%
Rhenium
38%
Samarium
38%
Atlanta
36%
Lutetium
36%
Roentgenium
34%
Rutherfordium
34%
Niobium
26%
Technetium
26%
Luanda
24%
Netherlands
24%
Tantalum
22%
Darmstadtium
18%
Vatican City
18%
Vatican City
18%
Zirconium
18%
Nihonium
10%
Podgorica
10%
Paramaribo
8%

Score Distribution

Percentile by Number Answered

Percent of People with Each Score

Your Score History

You have not taken this quiz